| 000 | 00361nab a22001097u 4500 | ||
|---|---|---|---|
| 008 | 130520b2009 xxu||||| |||| 00| 0 spa d | ||
| 041 | _aspa | ||
| 100 | 1 |
_aCarriedo Tejedo, Manuel _967731 |
|
| 245 | 0 | 0 |
_aLocus Sancti Martini (ss. VIII-XII) _cManuel Carriedo Tejedo |
| 773 | 0 |
_tEstudios Mindonienses _gV.25, nº25,2009,págs. 27-78 _x0213-4357 _wRev196 |
|
| 942 | _cAR | ||
| 999 |
_c411290 _d411290 |
||